| 000 | 00552cam a2200205ua 4500 | ||
|---|---|---|---|
| 020 |
_a81 204 0110 7 _c34.50 |
||
| 041 |
_aeng _h |
||
| 082 |
_a631.587 _bKHU/IR |
||
| 100 | _aKhushalani , K B . | ||
| 245 |
_aIrrigation practice and design, Vol 2 / _cK B Khushalani. _hTextual Documents |
||
| 260 |
_aNew Delhi : _bOxford & IBH Publishing company , _c1986. |
||
| 300 | _a339 ; . | ||
| 362 | 0 | _aVol 2- | |
| 365 | _a34.50 | ||
| 504 | _a | ||
| 700 | 1 | _aManohar , Khushalani . | |
| 942 | _cBK | ||
| 999 |
_c2868 _d2868 |
||